00386 2200145 4500001002100000008004100021035002000062245005200082100001600134260003100150300002000181082000800201650001800209990001300227INLIS000000000000458 ind  a0010-0322000458 aDONGENG PENGANTAR TIDUR CERITA ANAK DUNIAcIKHA aFERDIANSYAH aSURABAYAbMEGA PRESSc2012 a64 hlm.c25 cm. a823 aFIKSI INGGRIS a102615-1